000 00499nam a2200181Ia 4500
005 20250508162902.0
008 008 250505s9999 xx 000 0 hin d
037 _aTextual
040 _aFEDL
_beng
_cFEDL
041 _ahin
_2eng
084 _a598, VAT
_qFEDL
100 _aVatsya Santram
_9774300
245 0 _aHamare pakashi
260 _aDelhi, India
_bPrameshwarai Prakashan
_c1991
490 _aSaral gyan vigyan mala
942 _cTEXL
_h598, VAT
999 _c1379240
_d1379240